Získavanie údajov počítačovým tomografom a vplyv reverzného geometrického modelovania na presnosť parametrov 3D CAD modelov

Saved in:
Bibliographic Details
Main Author: Kačák, Mário (Author)
Other Authors: Buranský, Ivan (Thesis advisor)
Format: Manuscript Book
Language:Slovak
Published: 2025
Subjects:
Online Access:http://is.stuba.sk/zp/portal_zp.pl?podrobnosti=183974
Tags: Add Tag
No Tags, Be the first to tag this record!

MARC

LEADER 00000ntm a22000003a 4500
001 stuzp105412
003 SK-STU
005 20250614213833.0
007 ta
008 150427s2015----xo-----f-mn---000-0-slo-d
040 |a STU  |b slo 
041 0 |a slo 
100 1 |a Kačák, Mário  |u 063000  |4 aut  |U MTF Materiálovotechnologická fakulta  |T MTF Ústav výrobných technológií  |X 109875  |U M3000  |Y 83  |7 109875 
242 0 1 |a Data Acquisition by Computed Tomography and the Impact of Reverse Geometric Modeling on the Accuracy of 3D CAD Model Parameters  |y eng 
245 1 0 |a Získavanie údajov počítačovým tomografom a vplyv reverzného geometrického modelovania na presnosť parametrov 3D CAD modelov 
260 |c 2025 
650 4 |a ISO 2768-1  |2 eng 
650 4 |a Dimensional measurement  |2 eng 
650 4 |a ANOVA  |2 eng 
650 4 |a Dimensional deviations  |2 eng 
650 4 |a 3D printing  |2 eng 
650 4 |a FDM  |2 eng 
650 4 |a STL model  |2 eng 
650 4 |a Computed Tomography  |2 eng 
650 4 |a Reverse Engineering  |2 eng 
650 4 |a ANOVA  |2 slo 
650 4 |a ISO 2768-1  |2 slo 
650 4 |a Meranie rozmerov  |2 slo 
650 4 |a Rozmerové odchýlky  |2 slo 
650 4 |a 3D tlač  |2 slo 
650 4 |a FDM  |2 slo 
650 4 |a STL model  |2 slo 
650 4 |a Počítačová tomografia  |2 slo 
650 4 |a Reverzné inžinierstvo  |2 slo 
700 1 |a Buranský, Ivan  |u 063000  |k Z1  |4 ths  |U MTF Materiálovotechnologická fakulta  |T MTF Ústav výrobných technológií  |X 4587  |U M3000  |Y 83  |7 A000004587 
856 4 |u http://is.stuba.sk/zp/portal_zp.pl?podrobnosti=183974 
996 |c M* DP-15571  |l MMSKP  |s P  |a 0  |w stuzp105412_0001